Responses for Show #3853 - Wednesday, May 9, 2001

2001 Teen Tournament semifinal game 3.
From the Pennsylvania Convention Center in Philadelphia.

Contestants

[<< previous game]

Katherine Bushey, a junior from Wilmington, Delaware

Andy Siegler, a senior from Cinnaminson, New Jersey

Ryan Ballengee, a senior from Pasadena, Maryland

[next game >>]

Jeopardy! Round responses

ANAGRAMMED COUNTRIES
HAIR DON'TS
CELEBRITIES
CHURCH & STATE
NONPOTENT POTABLES
JOE-POURRI
    $100 22
Argentina

Katherine
    $100 21
wet hair

Ryan
    $100 1
Jay Leno

Andy
    $100 6
Maryland

Ryan
    $100 16
(Ryan: What is chocolate?)

vanilla

RyanAndy
    $100 10
Superman

Andy
    $200 27
Poland

Ryan
    $200 23
hair dryers

Katherine
    $200 2
Drew Barrymore

Ryan
    $200 7
Alabama

Andy
    $200 17
V-8

Ryan
    $200 11
Joseph Stalin

Ryan
    $300 28
Angola

Andy
    $300 24
bed head

Triple Stumper
    $300 3
(Ryan: Who is Faith Hill?)

LeAnn Rimes

RyanAndy
    $300 8
Indiana

Ryan
    $300 18
Pepsi

Katherine
    $300 12
Larry Bird

Ryan
    $400 29
Afghanistan

Triple Stumper
    $400 25
flyaway

Katherine
    $400 4
Jim Carrey

Ryan
    $400 9
Massachusetts

Ryan
    $600 19
(Katherine: What is Mugs?)

A&W

Katherine
    $400 13
Joe DiMaggio

Ryan
    $500 30
Guatemala

Andy
    $500 26
Keri Russell

Ryan
    $500 5
Russell Crowe

Katherine
    $500 15
New Mexico

Katherine
    $500 20
(Ryan: What is Hawaiian Punch?)

Tropicana

RyanKatherine
    $500 14
Joseph Heller

Ryan

Scores at the first commercial break (after clue 15):

Ryan Andy Katherine
$2,500 $700 $1,000

Scores at the end of the Jeopardy! Round:

Ryan Andy Katherine
$2,900 $1,600 $1,900

Double Jeopardy! Round responses

AMERICA SINCE 1865
WHEN I WAS YOUR AGE
WILLIAM PENNED
THE VICE PRESIDENCY
THE PHILADELPHIA ORCHESTRA
CROSSWORD CLUES 2nd LETTER "U"
    $200 12
(Ryan: What is Hawaii?)

Alaska

RyanKatherine
    $200 17
Bob Dylan

Andy
    $200 21
William Shakespeare

Andy
    $200 6
the Senate

Ryan
    $200 26
the baton

Andy
    $200 2
bull

Andy
    $400 13
(Ryan: Who is William Rehnquist?)

Bill Clinton

RyanKatherine
    $400 18
(Ryan: What is Vietnam?)

China

RyanKatherine
    $400 22
William Faulkner

Ryan
    $400 7
heartbeat

Andy
    $400 30
Philadelphia (their home base)

Triple Stumper
    $400 3
tube

Katherine
    $600 14
Nobel Peace Prize

Katherine
    $600 1
Rembrandt

Ryan
    $600 23
William Golding

Ryan
    $600 9
John Adams

Ryan
    $600 29
violinists

Katherine
    $600 4
dugout

Andy
    $800 15
Charles Lindbergh

Ryan
    $800 19
(Katherine: What is "Boys of Summer?")

"Oliver Twist"

AndyKatherine
    $800 24
(Andy: Who is Wadsworth?)
(Katherine: Wordsworth?)
(Alex: No, can't accept that. Katherine, you didn't phrase it in the form of a question; you just said "Wordsworth"; sorry, but in Double Jeopardy, we have to rule against you in that situation.)

William Wordsworth

AndyKatherine
Triple Stumper
    $800 10
"Hail to the Chief"

Andy
    $800 28
Ludwig van Beethoven

Andy
    $800 5
Euclid

Ryan
    $500 16
the Watergate building

Ryan
    $1000 20
Nikita Khrushchev

Triple Stumper
    $1000 25
(Alex: We have less than a minute to go.)

William Blake

Ryan
    $1000 11
National Security Council

Andy
    $1,800 27
Fantasia

Andy
    $1000 8
"Auld Lang Syne"

Andy

Scores at the end of the Double Jeopardy! Round:

Ryan Andy Katherine
$7,400 $8,800 $2,900

[wagering suggestions for these scores]

Final Jeopardy! Round responses

ANIMALS
(Alex: Sometimes called in English "river horse".)
KatherineWhat is alligator?
$2,900
RyanWhat is the Zebra?
$6,000
AndyWhat is Hippopotamus
$7,400
hippopotamus

Final scores:

Ryan Andy Katherine
$1,400 $16,200 $0
2nd place: $5,000 Finalist 3rd place: $5,000

Game dynamics:

Coryat scores:

Ryan Andy Katherine
$7,900 $8,000 $3,500
22 R
(including 1 DD),
6 W
19 R
(including 1 DD),
1 W
13 R,
3 W
(including 1 DD)

Combined Coryat: $19,400

[game] [game scores] [suggest correction]

Game tape date: 2001-04-12
The J! Archive is created by fans, for fans. Scraping, republication, monetization, and malicious use prohibited; this site may use cookies and collect identifying information. See terms. The Jeopardy! game show and all elements thereof, including but not limited to copyright and trademark thereto, are the property of Jeopardy Productions, Inc. and are protected under law. This website is not affiliated with, sponsored by, or operated by Jeopardy Productions, Inc. Join the discussion at JBoard.tv.